02803nam a2200349 a 4500001001000000003000900010005001700019007000300036008004100039020001500080040002500095082001900120100002800139245009100167260003600258300002000294500003800314505124400352590002801596650004501624650003601669700002901705710005501734910000701789942001401796952012801810952011301938952011902051952013302170952013302303999001702436000016930DO-SdBNP20250513114214.0ta100312s1996 dr 001 0 spa d a849218454X aDO-SdBNPbspacBNPHU axxxbV768c2221 aVincent, Minerva93743310aConcepciones, procesos y estructuras educativas /cMinerva Vincent, Josefina Pimentel. aSanto Domingo :bFLACSO,c1996. a84 p. ;c28 cm. aIncluye notas al pie de páginas aPor qué consideramos relevante el debate? 15|Cómo ha venido evolucionando nuestra concepción en torno a la educación 17|Qué se propuso el plan decenal de educación? 21|A nivel de concepciones, hacia dónde hemos avanzado? 21|Cuáles procesos pedagógicos se corresponden con estas concepciones? 37|Es la socialización del conocimiento la única ventaja que ha reportado el punto de vista constructivista? 38|Cuáles aspectos de la práctica educativa pueden afectarse desde una perspectiva constructiva? 40|Cuáles roles le corresponde a los maestros y las maestras? 43|Responden nuestras estructuras educativas al tipo de educación que impulsan? 47|Y qué de la estructura académica? 50|Vale la pena mantener la esperanza? 51|Retos, interrogantes, vacíos y tareas pendientes en el camino a seguir 52|En consecuencia nos preocupan e interrogan las siguientes cuestiones? 53|Lectura pedagógica a los documentos de plan decenal desde los aportes del proyecto Preal 61|Concepción de la educación: por una cultura comprometida con la vida 65|Visión sobre el curriculum: una perspectiva de calidad 67|Repensando a Plan Decenal a partir de su ejecución: de una reforma física a una reforma pedagógica 79 aInventariado, 2023 / DG4 aEducaciónzRepública Dominicana973740aInnovaciones educativas 9171151 aPimentel, Josefina957452 aFacultad Latinoamericana de Ciencias Sociales9294 aDG 2ddccLBS1 001054708DSaGRbGRcCTd2010-03-12iLF1l0oxxx V768cp16930-30r2020-06-25te. 3w2020-06-25yLFDSZPréstamo en sala 0010718PDaPDbPDcHDd2010-03-12iLF1l0oxxx V768cp16930-10r2020-06-25w2020-06-25yLFPDZNo se presta 0010718PDaPDbPDcCTd2010-03-12iLF1l0oxxx V768cp16930-20r2020-06-25te. 2w2020-06-25yLFPDZNo se presta 00102ddc56708DSaBNPHUbBNPHUcCTd2023-01-17eDonado por FLACSOl0oxxx V768cp2023-0188r2023-01-17te.4w2023-01-17yLBS1 00102ddc56708DSaBNPHUbBNPHUcCTd2023-01-17eDonado por FLACSOl0oxxx V768cp2023-0189r2023-01-17te.5w2023-01-17yLBS1 c16462d16462